| 000 | 00723nam a22002177a 4500 | ||
|---|---|---|---|
| 003 | DO-SdBNP | ||
| 005 | 20210913134830.0 | ||
| 008 | 210903b2018 ||||| |||| 00| 0 spa d | ||
| 020 | _a9789945902464 | ||
| 040 |
_aDO-SdBNP _bspa _cBNPHU |
||
| 082 | 4 |
_a861.6 _bR896d _222 |
|
| 100 | 1 |
_aRubio, Tomás _979718 |
|
| 245 | 1 | 0 |
_aDiscapacidad, di(s)capacidad : _bdi capacidad (poemas y diálogos) / _cTomá Rubio ; ilustraciones Vianna Pacheco. |
| 260 |
_aSanto Domingo : _bPoetas de la Era, _c2018 |
||
| 300 |
_a73 p. : _bil. ; _c24 cm |
||
| 590 | _aInventariado, 2021 / DG | ||
| 650 | 4 |
_aPoesía española _979719 |
|
| 650 | 4 |
_aLiteratura española _979720 |
|
| 910 | _aD/G/Validado. Control de calidad MFF | ||
| 942 |
_2ddc _cLBS1 |
||
| 999 |
_c50390 _d50390 |
||